Electronic ID systems comparison (Registro nro. 10190)

Detalles MARC
000 -CABECERA
Campo de control 004530000a22001570004500
090 ## - CLASIFICACIÓN LOCAL
Colección AR
Consecutivo 01104
041 0# - IDIOMA
Código de idioma para texto/pista de sonido o título separado
100 1# - ASIENTO PRINCIPAL--NOMBRE PERSONAL
Nombre personal InfoPet Identification Systems, Inc.
245 10 - MENCION DE TITULO
Título Electronic ID systems comparison
650 14 - ASIENTO SECUNDARIO DE MATERIA - TERMINO TEMATICO
Término temático o nombre geográfico como elemento de entrada Técnicas de marcaje
650 14 - ASIENTO SECUNDARIO DE MATERIA - TERMINO TEMATICO
Término temático o nombre geográfico como elemento de entrada Marcaje de individuos
650 14 - ASIENTO SECUNDARIO DE MATERIA - TERMINO TEMATICO
Término temático o nombre geográfico como elemento de entrada Microchips
650 14 - ASIENTO SECUNDARIO DE MATERIA - TERMINO TEMATICO
Término temático o nombre geográfico como elemento de entrada Sistemas de identificación
773 1# - Item fuente:
Título Infopet
Especificación de materiales 405
Paginas del Articulo 1-6
Lugar, editorial y fecha de publicación 1993
942 ## - ELEMENTOS ADICIONALES (KOHA)
Tipo de ítem Artículo
Existencias
Withdrawn status Lost status Damaged status No para préstamo Colección Ubicación Permanente Ubicación actual Fecha de adquisición Fuente de Valor Datos de publicación Seriada Total Checkouts Número topográfico Inventario / Código de Barras Date last seen Ejemplar Price effective from Forma de adquisición Tipo de material
      No para Préstamo Hemeroteca Bogotá Bogotá 27/02/2015 INCIVA Fuera de circulación   AR 01104 011421 25/03/2015 1 25/03/2015   Artículo